000 00803nam a2200253 a 4500
001 62356
003 BD-RjUL
005 20211209081055.0
008 170123s2001 hiuaf b s001 0 eng
020 _a0824824148 (cloth : alk. paper)
035 _a(BD-RjUL)62482
040 _aDLC
_cDLC
_dBD-RjUL
_beng
041 _aeng
082 0 0 _a796.0952
_223
_bGUJ 2001
100 1 _aGuttmann, Allen.
_9185477
245 1 0 _aJapanese sports :
_ba history /
_cAllen Guttmann and Lee Thompson.
260 _aHonolulu :
_bUniversity of Hawai'i Press,
_cc2001.
300 _aix, 307 p.:
_bill. ;
_c24 cm.
504 _aIncludes bibliographical references and index.
650 0 _aSports
_zJapan
_xHistory.
_9185478
700 1 _aThompson, Lee
_q(Lee Austin)
_9185479
942 _2ddc
_cBK
999 _c62356
_d62356